000 01056nam a22002537a 4500
005 20240530110531.0
008 160316s2013 ua a g b 000 0 ara d
017 _a2013/1515
_bمصر . دار الكتب المصرية
020 _a9789776298989
040 _aEG-CaGPL
082 0 4 _221
_a658.312404\
_bخ ت
100 0 _aخبراء المجموعة العربية للتدريب و النشر
245 1 0 _aتنمية مهارات مسئولى التدريب و التطوير /
_cاعداد خبراء المجموعة العربية للتدريب و النشر
250 _aط1
260 _aالقاهرة :
_bالمجموعة العربية للتدريب و النشر ،
_c2013 .
300 _a92 ص :
_bايض ؛
_c24 سم .
490 _aمهارات التدريب
504 _aيشتمل على ارجاعات ببليوجرافية
650 0 4 _aالقيادة الادارية
650 0 4 _aالتنمية الادارية
650 0 4 _aالتدريب
942 _2ddc
_cBK
999 _c62083
_d62083